Länder der Welt A-Z mit Buchstaben A-Z - Statistiken

Allgemein
  • Dieses Quiz wurde 3.400 mal gespielt
  • Das Durchschnittsergebnis liegt bei 281 aus 362
Antwortstatistiken
Anfang Enthält # Antworten Beispiel Antwort % Korrekt
A A 13 Afghanistan
99%
A N 13 Afghanistan
99%
A E 9 Ägypten
98%
A I 10 Afghanistan
98%
B B 17 Bahamas
97%
A R 8 Algerien
96%
B E 10 Bangladesch
96%
B I 11 Bahrain
96%
B N 13 Bahrain
96%
D A 5 Dänemark
96%
D C 5 Demokratische Republik Kongo
96%
D D 6 Dänemark
96%
D E 4 Dänemark
96%
D H 4 Demokratische Republik Kongo
96%
D N 5 Dänemark
96%
D S 4 Demokratische Republik Kongo
96%
D U 4 Demokratische Republik Kongo
96%
A L 5 Albanien
95%
B A 11 Bahamas
95%
B L 7 Bangladesch
95%
C C 3 China
95%
C I 3 Chile
95%
D L 3 Demokratische Republik Kongo
95%
D T 3 Demokratische Republik Kongo
95%
A G 7 Afghanistan
94%
A T 7 Afghanistan
94%
B R 9 Bahrain
94%
C H 2 Chile
94%
F F 4 Fidschi
94%
F I 4 Fidschi
94%
K A 12 Kambodscha
94%
K K 15 Kambodscha
94%
M M 17 Madagaskar
94%
R N 4 Republik Kongo
94%
R R 4 Republik Kongo
94%
R U 4 Republik Kongo
94%
S E 18 Salomonen
94%
S S 28 Salomonen
94%
B S 8 Bahamas
93%
F A 3 Föderierte Staaten von Mikronesien
93%
F N 3 Föderierte Staaten von Mikronesien
93%
I I 8 Indien
93%
I N 6 Indien
93%
K N 8 Kamerun
93%
L L 9 Laos
93%
M A 14 Madagaskar
93%
N A 9 Namibia
93%
N N 11 Nepal
93%
P P 9 Pakistan
93%
S A 21 Salomonen
93%
S I 20 Sambia
93%
S N 19 Salomonen
93%
V A 6 Vanuatu
93%
V N 7 Vanuatu
93%
V V 7 Vanuatu
93%
A B 3 Albanien
92%
A S 3 Afghanistan
92%
E A 5 Ecuador
92%
E E 6 Ecuador
92%
G G 10 Gabun
92%
G N 8 Gabun
92%
J J 4 Jamaika
92%
N E 8 Nepal
92%
N R 8 Nauru
92%
P A 6 Pakistan
92%
R A 3 Ruanda
92%
T T 13 Tadschikistan
92%
U A 5 Uganda
92%
U U 5 Uganda
92%
V E 5 Venezuela
92%
V T 6 Vanuatu
92%
B G 4 Bangladesch
91%
C A 2 China
91%
E T 4 Elfenbeinküste
91%
G A 9 Gabun
91%
I A 6 Irak
91%
L E 7 Lesotho
91%
O O 3 Oman
91%
R L 2 Republik Kongo
91%
T I 9 Tadschikistan
91%
B U 7 Belarus
90%
E S 4 El Salvador
90%
I D 4 Indien
90%
I E 4 Indien
90%
J A 3 Jamaika
90%
J N 3 Japan
90%
L N 5 Libanon
90%
M I 11 Malawi
90%
M O 7 Marokko
90%
P U 5 Palau
90%
R D 2 Ruanda
90%
S R 12 San Marino
90%
T N 9 Tadschikistan
90%
V I 5 Vatikanstadt
90%
V S 4 Vatikanstadt
90%
Z E 2 Zentralafrikanische Republik
90%
Z N 2 Zentralafrikanische Republik
90%
Z P 2 Zentralafrikanische Republik
90%
Z R 2 Zentralafrikanische Republik
90%
Z Z 2 Zentralafrikanische Republik
90%
E N 3 Elfenbeinküste
89%
G E 6 Georgien
89%
L A 5 Laos
89%
M N 8 Malediven
89%
N I 6 Namibia
89%
S D 9 São Tomé und Príncipe
89%
T A 9 Tadschikistan
89%
U N 4 Uganda
89%
A D 3 Andorra
88%
D M 4 Dänemark
88%
E D 3 Ecuador
88%
E L 3 El Salvador
88%
F C 2 Fidschi
88%
F D 3 Fidschi
88%
F H 2 Fidschi
88%
G I 5 Gambia
88%
K E 6 Kamerun
88%
K I 6 Kenia
88%
L I 5 Libanon
88%
L T 4 Lesotho
88%
M E 7 Malediven
88%
M L 8 Malawi
88%
P L 4 Palau
88%
S C 6 São Tomé und Príncipe
88%
T S 6 Tadschikistan
88%
T U 5 Trinidad und Tobago
88%
C N 1 China
87%
D K 3 Dänemark
87%
D R 3 Dänemark
87%
F E 2 Föderierte Staaten von Mikronesien
87%
F K 2 Föderierte Staaten von Mikronesien
87%
F R 2 Föderierte Staaten von Mikronesien
87%
H A 2 Haiti
87%
H H 2 Haiti
87%
I L 4 Irland
87%
K T 6 Kasachstan
87%
M R 7 Madagaskar
87%
N D 4 Neuseeland
87%
P G 2 Papua-Neuguinea
87%
P N 5 Pakistan
87%
P R 3 Paraguay
87%
S U 11 São Tomé und Príncipe
87%
A H 3 Afghanistan
86%
I S 3 Indonesien
86%
K O 5 Kambodscha
86%
N G 4 Nicaragua
86%
O M 2 Oman
86%
S W 5 Schweden
86%
Z Y 1 Zypern
86%
A O 4 Andorra
85%
A U 3 Antigua und Barbuda
85%
I R 4 Irak
85%
K R 7 Kamerun
85%
P E 4 Papua-Neuguinea
85%
S H 3 Schweden
85%
S O 9 Salomonen
85%
T E 4 Tschechien
85%
U G 3 Uganda
85%
V G 3 Vereinigte Arabische Emirate
85%
V R 3 Vereinigte Arabische Emirate
85%
B H 5 Bahamas
84%
G H 2 Ghana
84%
G R 3 Georgien
84%
K S 4 Kambodscha
84%
N O 3 Nordkorea
84%
U R 3 Ukraine
84%
V K 2 Vatikanstadt
84%
J E 2 Jemen
83%
K B 4 Kambodscha
83%
K D 3 Kambodscha
83%
L B 4 Libanon
83%
L S 3 Laos
83%
N L 3 Nepal
83%
O A 1 Oman
83%
O N 1 Oman
83%
P O 2 Polen
83%
R S 1 Russland
83%
S K 5 Slowakei
83%
S L 9 Salomonen
83%
T H 4 Tadschikistan
83%
C E 1 Chile
82%
C L 1 Chile
82%
D B 3 Demokratische Republik Kongo
82%
D I 4 Demokratische Republik Kongo
82%
K M 4 Kambodscha
82%
K U 4 Kamerun
82%
P T 2 Pakistan
82%
S M 8 Salomonen
82%
T R 3 Trinidad und Tobago
82%
B D 4 Bangladesch
81%
B O 5 Barbados
81%
J M 2 Jamaika
81%
L U 2 Luxemburg
81%
S B 4 Sambia
81%
U E 2 Usbekistan
81%
U I 2 Ukraine
81%
U K 2 Ukraine
81%
G L 2 Griechenland
80%
J I 2 Jamaika
80%
M G 3 Madagaskar
80%
M K 4 Madagaskar
80%
M S 5 Madagaskar
80%
T D 4 Tadschikistan
80%
T K 3 Tadschikistan
80%
H D 1 Honduras
79%
H N 1 Honduras
79%
H O 1 Honduras
79%
H R 1 Honduras
79%
H S 1 Honduras
79%
H U 1 Honduras
79%
K C 2 Kambodscha
79%
K H 2 Kambodscha
79%
O I 2 Österreich
79%
O R 2 Österreich
79%
O S 2 Österreich
79%
O T 2 Österreich
79%
V U 2 Vanuatu
79%
E I 3 Elfenbeinküste
78%
F L 1 Finnland
78%
R E 2 Republik Kongo
78%
R I 2 Republik Kongo
78%
D O 3 Demokratische Republik Kongo
77%
E R 3 Ecuador
77%
M T 4 Malta
77%
N U 3 Nauru
77%
S P 3 São Tomé und Príncipe
77%
D P 2 Demokratische Republik Kongo
76%
G D 2 Grenada
76%
G U 5 Gabun
76%
L H 2 Lesotho
76%
P I 3 Pakistan
76%
T C 3 Tadschikistan
76%
V C 2 Vereinigte Arabische Emirate
76%
V H 2 Vereinigte Arabische Emirate
76%
A F 1 Afghanistan
75%
L O 3 Laos
75%
M D 3 Madagaskar
75%
N M 2 Namibia
74%
J P 1 Japan
73%
L R 2 Liberia
73%
T L 2 Thailand
72%
A C 1 Aserbaidschan
71%
F S 2 Fidschi
71%
H I 1 Haiti
71%
H T 1 Haiti
71%
J D 1 Jordanien
71%
J O 1 Jordanien
71%
J R 1 Jordanien
71%
U B 1 Usbekistan
71%
U S 1 Usbekistan
71%
U T 1 Usbekistan
71%
V L 1 Venezuela
71%
V Z 1 Venezuela
71%
A M 1 Armenien
70%
E U 2 Ecuador
70%
V O 1 Vereinigtes Königreich
70%
G B 3 Gabun
69%
V M 2 Vereinigte Arabische Emirate
69%
Z A 1 Zentralafrikanische Republik
69%
Z B 1 Zentralafrikanische Republik
69%
Z C 1 Zentralafrikanische Republik
69%
Z F 1 Zentralafrikanische Republik
69%
Z H 1 Zentralafrikanische Republik
69%
Z I 1 Zentralafrikanische Republik
69%
Z K 1 Zentralafrikanische Republik
69%
Z L 1 Zentralafrikanische Republik
69%
Z S 1 Zentralafrikanische Republik
69%
Z T 1 Zentralafrikanische Republik
69%
Z U 1 Zentralafrikanische Republik
69%
I O 1 Indonesien
68%
L D 1 Lettland
68%
G C 1 Griechenland
67%
G M 2 Gambia
67%
L C 1 Liechtenstein
67%
S G 3 Senegal
67%
T G 3 Togo
67%
T O 3 Togo
67%
V D 1 Vatikanstadt
67%
A P 2 Ägypten
66%
B Z 2 Belize
66%
E O 2 Ecuador
66%
L G 1 Luxemburg
66%
L M 1 Luxemburg
66%
L X 1 Luxemburg
66%
N W 1 Norwegen
66%
O C 1 Österreich
66%
O E 1 Österreich
66%
O H 1 Österreich
66%
B T 2 Bhutan
65%
U Y 1 Uruguay
64%
B W 2 Bosnien und Herzegowina
63%
D G 1 Demokratische Republik Kongo
62%
M X 1 Mexiko
62%
M Y 2 Malaysia
62%
S Y 2 Seychellen
62%
I T 1 Italien
61%
R B 1 Republik Kongo
61%
R G 1 Republik Kongo
61%
R K 1 Republik Kongo
61%
R O 1 Republik Kongo
61%
R P 1 Republik Kongo
61%
I K 1 Irak
60%
T M 1 Turkmenistan
60%
C O 1 Costa Rica
59%
C R 1 Costa Rica
59%
C S 1 Costa Rica
59%
C T 1 Costa Rica
59%
M W 2 Malawi
59%
K L 1 Kolumbien
58%
P Y 1 Paraguay
58%
S Z 1 Schweiz
58%
U D 1 Uganda
58%
A Y 1 Ägypten
57%
E C 1 Ecuador
57%
N S 1 Neuseeland
57%
B C 1 Bangladesch
56%
N K 1 Nordkorea
56%
P K 1 Pakistan
56%
P S 1 Pakistan
56%
R M 1 Rumänien
56%
S T 4 São Tomé und Príncipe
56%
A Q 1 Äquatorialguinea
55%
K V 2 Kap Verde
55%
M U 2 Mauretanien
55%
G O 1 Georgien
54%
J K 1 Jamaika
54%
L Y 1 Libyen
54%
N B 1 Namibia
54%
B V 1 Bolivien
53%
E W 1 Eswatini
53%
K G 1 Kirgisistan
53%
T V 1 Tuvalu
53%
N Z 1 Nordmazedonien
52%
E B 1 Elfenbeinküste
51%
E F 1 Elfenbeinküste
51%
E K 1 Elfenbeinküste
51%
F M 1 Föderierte Staaten von Mikronesien
51%
F O 1 Föderierte Staaten von Mikronesien
51%
F T 1 Föderierte Staaten von Mikronesien
51%
F V 1 Föderierte Staaten von Mikronesien
51%
N P 1 Nepal
51%
G T 1 Guatemala
50%
N C 1 Nicaragua
50%
M C 1 Monaco
49%
P M 1 Panama
48%
S F 1 Südafrika
48%
G Y 1 Guyana
47%
S V 2 St. Kitts und Nevis
47%
M B 1 Mosambik
46%
P H 1 Philippinen
46%
T B 1 Trinidad und Tobago
46%
V B 1 Vereinigte Arabische Emirate
46%
B M 1 Bahamas
45%
B F 1 Burkina Faso
43%
B K 1 Burkina Faso
43%
K W 1 Kuwait
40%
M V 1 Malediven
40%
T W 1 Taiwan
40%
E V 1 El Salvador
39%
K P 1 Kap Verde
39%
M H 1 Marshallinseln
39%
G S 1 Guinea-Bissau
37%
Keine übereinstimmenden Quizze gefunden
Verteilung der Resultate
Anzahl Personen mit jedem Resultat
Perzentil nach korrekt beantworteten Fragen
Ihre Resultats-Entwicklung
Sie haben dieses Quiz noch nicht gespielt